| 000 | 00698nam a2200241Ia 4500 | ||
|---|---|---|---|
| 003 | OSt | ||
| 005 | 20220918221501.0 | ||
| 006 | a|||||r|||| 00| 0 | ||
| 007 | ta | ||
| 008 | 220917b |||||||| |||| 00| 0 eng d | ||
| 024 | _a187,223 | ||
| 037 | _cTextual | ||
| 040 |
_aARTS _cARTS _beng |
||
| 041 |
_2eng _aeng |
||
| 082 | _aW6.6, P0 (906) (SC) | ||
| 100 |
_aAbrahamsen Rita _9140538 |
||
| 245 | 0 |
_aDisciplining democracy _b development discourse and good governance in Africa |
|
| 260 |
_aLondon _bZed Books _c2000 |
||
| 300 |
_axv,268 p _ccm. |
||
| 650 | _aPOLITICAL SCIENCE | ||
| 942 |
_hW6.6, P0 (906) (SC) _cTEXL _2CC |
||
| 999 |
_c272653 _d272653 |
||